| 000 | 00819nam a2200241 i 4500 | ||
|---|---|---|---|
| 001 | 93258 | ||
| 003 | ES-MaACL | ||
| 005 | 20251013111208.0 | ||
| 007 | t| | ||
| 008 | 050408s1907 sp ||||1| spa d | ||
| 100 | 1 |
_aLongo. _973248 |
|
| 245 | 1 | 0 |
_aDafnis y Cloe ; _bLeyendas del antiguo Oriente : fragmentos : novelas / _cLongo ; traducción Juan Valera. |
| 260 |
_aMadrid : _b[s.n.], _c1907 ( _fImp. Alemana) |
||
| 300 |
_a349 p. ; _c17 cm. |
||
| 490 | 1 |
_aObras completas ; _v12 |
|
| 530 | _aDisponible en formato digital. | ||
| 700 | 1 |
_aValera, Juan, _d1824-1905 _9112638 |
|
| 830 | 1 |
_aObras completas ; _v12 _9176447 |
|
| 852 | 4 |
_aES-MaACL _jB-2851 _cSPB |
|
| 856 | 4 |
_uhttp://bdh-rd.bne.es/viewer.vm?id=0000185563&page=1 _yBiblioteca Digital Hispánica |
|
| 942 | _2udc | ||
| 999 |
_c93258 _d93258 |
||